000 02269cam a22005057a 4500
003 CHAP
005 20231010062648.0
008 971013s1985 mx r 00010 spa d
010 _a54468
011 _a55440
035 _a59592
040 _cCHAP
082 0 4 _a630.5
_bS3
100 0 0 _aSandoval Guerrero, Margarita.
_9102132
245 1 0 _aCatálogo de publicaciones periódicas y seriadas agropecuarias mexicanas, 1971-1983
_c/compilado por Margarita Sandoval Guerrero
260 _aChapingo, Méx. :
_bUACH. Biblioteca Central,
_c1985
300 _a121 p.
490 0 _aSerie de investigación bibliográfica
_v; 2
590 _aBATCH-UPD
_b10
_c20130110
_lUCH01
_h0213
590 _aBATCH-UPD
_b10
_c20130110
_lUCH01
_h0835
590 _aBATCH-UPD
_b10
_c20130409
_lUCH01
_h2229
590 _aBATCH-UPD
_b10
_c20130410
_lUCH01
_h1237
590 _aBATCH-UPD
_b10
_c20130913
_lUCH01
_h2113
590 _aCONVERSION
_b10
_c20130109
_lUCH01
_h1329
650 1 7 _aAgricultura
_xPublicaciones periódicas
_2
_91772
650 1 4 _aPublicaciones periódicas mexicanas.
_992728
650 1 4 _aPublicaciones periódicas
_xBibliografía.
_992716
830 0 _aSerie de investigación bibliográfica
_v; 2
_9104747
901 _aBK
942 _cLIBRO
949 _a630.5 S3
_bBC
_cC
_d33724000505921
_eC
_h71481
_i59592
_si
949 _a630.5 S3
_bBC
_cC
_d33724000506010
_eC
_fc.3
_h71483
_i59592
_si
949 _a630.5 S3
_bBC
_cC
_d33724000506028
_eC
_fc.4
_h81074
_i59592
_si
949 _a630.5 S3
_bBC
_cC
_d33724000506135
_eC
_fc.2
_h71482
_i59592
_si
949 _a630.5 S3
_bBC
_cC
_d33724000506341
_eC
_fc.5
_h81075
_i59592
_si
949 _a630.5 S3
_bBC
_cC
_d33724000816021
_eC
_fc.12
_h99741
_i59592
_sb
949 _a630.5 S3
_bBC
_cC
_d33724000816088
_eC
_fc.13
_h99742
_i59592
_sb
949 _a630.5 S3
_bBC
_cC
_d33724000816146
_eC
_fc.10
_h99739
_i59592
_sb
949 _a630.5 S3
_bBC
_cC
_d33724000816203
_eC
_fc.11
_h99740
_i59592
_st
949 _a630.5 S3
_bBC
_cC
_d33724000816260
_eC
_fc.8
_h99737
_i59592
_sb
949 _a630.5 S3
_bBC
_cC
_d33724000816328
_eC
_fc.9
_h99738
_i59592
_sb
949 _a630.5 S3
_bBC
_cC
_d33724002203751
_eC
_fc.14
_h114028
_i59592
_sb
949 _a630.5 S3
_bBC
_cLIBRO
_d33724000718540
_eLIBRO
_fc.7
_h94669
_i59592
_sb
949 _a630.5 S3
_bBC
_cUACH
_d33724000505822
_eUACH
_fc.6
_h81076
_i59592
_sb
999 _c54468
_d54468